| 000 | 00831nam a22002537a 4500 | ||
|---|---|---|---|
| 999 |
_c14917 _d14917 |
||
| 003 | AR-CdUCM | ||
| 008 | 190424b ||||| |||| 00| 0 spa d | ||
| 020 | _a978-987-613-054-7 | ||
| 040 |
_aMUNICIPALIDAD PROVINCIAL DEL CUSCO _cBIBLIOTECA MUNICIPAL DEL CUSCO |
||
| 041 | _heng | ||
| 082 |
_aES / 803 / _bH21 |
||
| 110 |
_aGargola ediciones _933890 |
||
| 245 |
_aHannah Montana : _bSecretos y súper escapes / |
||
| 260 |
_aBuenos Aires : _bGargola, _c2007. |
||
| 300 |
_bilustraciones, _c23 cm. _a94 páginas ; |
||
| 440 |
_aDisney Enterprises, Inc. _933891 |
||
| 505 | _aContenido :Hannah Montana. | ||
| 650 |
_a Cuento infantil _933571 |
||
| 650 |
_aPrimera infancia _924660 |
||
| 650 |
_aLiteratura infantil _9588 |
||
| 700 |
_aLerendegui, Silvia (traducción) _933892 |
||
| 942 |
_2ddc _cLIBROS |
||
| 945 |
_arum _d2019-04-25 |
||